Hospodárenie domácností a preferencie základných životných potrieb

Hodnotenie životnej úrovne a hospodárenie domácností. Nevyhnutné výdavky domácností. Scenáre uspokojovania životných potrieb.

Salvato in:
Dettagli Bibliografici
Autore principale: Valná, Silvia
Natura: Capitolo di libro
Lingua:slovacco
Soggetti:
Tags: Aggiungi Tag
Nessun Tag, puoi essere il primo ad aggiungerne!!

MARC

LEADER 00000naa a2200000 4500
001 r034472
005 20230809074942.4
041 0 |a slo 
044 |a SK 
245 1 0 |a Hospodárenie domácností a preferencie základných životných potrieb  |c Silvia Valná 
520 |a Hodnotenie životnej úrovne a hospodárenie domácností. Nevyhnutné výdavky domácností. Scenáre uspokojovania životných potrieb. 
610 2 0 |a úroveň životná 
610 2 0 |a domácnosti 
610 2 0 |a potreby životné 
610 2 0 |a chudoba 
610 2 0 |a výdavky obyvateľstva 
610 2 0 |a prieskum sociologický 
610 2 0 |a minimum existenčné 
610 2 0 |a spotreba osobná 
100 1 |a Valná, Silvia